| 000 | 00622nam a22001937a 4500 | ||
|---|---|---|---|
| 005 | 20251108172440.0 | ||
| 008 | 250721s9999 xx 000 0 ara d | ||
| 082 | 1 | 4 | _a632.799/حجا |
| 100 | 1 | _aحجازي، عصمت محمد | |
| 245 | 1 | 0 | _aآفات و أمراض نحل العسل : ماهيتها - تشخيصها - علاجها / |
| 264 | 1 |
_aالإسكندرية : _bمنشأة المعارف، |
|
| 300 | _a490ص. | ||
| 650 | 1 | 7 | _aنحل العسل |
| 650 | 1 | 7 | _aآفات الحيوان |
| 650 | 1 | 7 | _aأمراض الحيوان |
| 650 | 1 | 7 | _aمكافحة الأمراض |
| 942 |
_2ddc _cBK |
||
| 999 |
_c79592 _d79592 |
||